Statistics for Top 200 UK Baby Boy Names

Click here to take the quiz!

General Stats

  • This quiz has been taken 10,263 times
  • The average score is 79 of 200

Answer Stats

Rank Name % Correct
9WILLIAM
92%
1HARRY
91%
104JOHN
91%
10JAMES
91%
12GEORGE
88%
59DAVID
87%
3JACK
86%
16DANIEL
84%
53MICHAEL
83%
6THOMAS
83%
47MATTHEW
81%
184PETER
81%
124SAM
80%
118BEN
80%
96ROBERT
80%
24HENRY
79%
65ALEX
79%
2OLIVER
79%
153ANDREW
77%
62CHARLES
76%
36EDWARD
75%
45LUKE
75%
196TOM
75%
112CHRISTOPHER
74%
22JOSEPH
72%
50LIAM
72%
5JACOB
70%
147JOE
70%
11JOSHUA
68%
39ADAM
68%
15SAMUEL
66%
27ALEXANDER
66%
32BENJAMIN
65%
4CHARLIE
65%
136ZAC
63%
13ETHAN
62%
14NOAH
62%
56NATHAN
62%
42RYAN
62%
61LUCA
61%
142ANTHONY
61%
33JAKE
59%
149NICHOLAS
59%
81LOUIS
58%
20LEO
57%
178KEVIN
56%
25LUCAS
56%
127PATRICK
54%
165JASON
54%
69AARON
54%
170JONATHAN
53%
194ZACH
53%
18MAX
52%
145ELI
52%
43LEWIS
52%
17OSCAR
52%
64JAMIE
52%
140JAY
51%
30ISAAC
51%
52ARTHUR
51%
167MARCUS
50%
109ALBERT
49%
94KYLE
49%
113JACKSON
49%
7ALFIE
47%
26MOHAMMED
47%
110BILLY
47%
58CONNOR
47%
40ZACHARY
46%
21TYLER
46%
38FREDDIE
45%
31MASON
45%
72LEON
44%
51CALLUM
44%
178ALAN
44%
55TOMMY
43%
87FREDERICK
43%
28DYLAN
43%
44THEO
42%
80AIDEN
41%
158ALFRED
41%
102BRADLEY
41%
37JAYDEN
41%
78OWEN
41%
77CAMERON
41%
82ELIJAH
41%
183VINCENT
40%
57BOBBY
40%
23ARCHIE
39%
156BRANDON
39%
118NATHANIEL
38%
86EVAN
38%
35HARRISON
37%
29LOGAN
37%
93TAYLOR
37%
139ALI
36%
41SEBASTIAN
36%
73OLLIE
35%
75ELLIOT
34%
121MUHAMMED
34%
8RILEY
34%
49TOBY
34%
66FRANKIE
33%
176JOEY
33%
163XAVIER
33%
131FINN
32%
101JOEL
32%
85CALEB
32%
76GABRIEL
32%
71JUDE
32%
97THEODORE
32%
180JONAH
31%
63KAI
30%
155ZACK
30%
74STANLEY
30%
120AIDAN
29%
116DOMINIC
29%
48HARVEY
29%
91SETH
28%
154EWAN
28%
34FINLEY
28%
60MOHAMMAD
27%
88HUGO
27%
19MUHAMMAD
27%
125MAXWELL
27%
102HAYDEN
26%
171KIERAN
26%
128TOBIAS
25%
114FELIX
25%
185MILES
25%
151LEVI
25%
151COLE
25%
84RHYS
25%
106OLLY
25%
141TEDDY
25%
138MORGAN
25%
177MOHAMED
24%
198JESSE
24%
108AUSTIN
24%
122REECE
24%
111ASHTON
24%
105RONNIE
24%
99RORY
24%
83FINLAY
23%
135CARTER
23%
66BLAKE
22%
46HARLEY
22%
192JAXON
22%
123CODY
22%
68REUBEN
21%
79LOUIE
21%
161MILO
21%
157AHMED
20%
166ZAK
20%
193RALPH
20%
175DECLAN
20%
129JASPER
20%
159MAXIMILIAN
20%
137ROWAN
19%
98BAILEY
19%
182ABDUL
19%
150SPENCER
19%
100ELLIS
19%
117COREY
19%
189LUKAS
19%
148REGGIE
19%
134TRISTAN
19%
95ELLIOTT
18%
70DEXTER
18%
133ROMAN
18%
188ALBIE
18%
92KAYDEN
18%
54JENSON
17%
89KIAN
17%
107IBRAHIM
17%
161ZAIN
16%
146FLYNN
16%
199FRASER
15%
181OSKAR
15%
172BEAU
14%
90SONNY
14%
159ABDULLAH
14%
131KAIDEN
14%
191JENSEN
14%
172RUBEN
13%
167LEIGHTON
13%
185JAIDEN
13%
144FILIP
12%
194RIO
12%
199LENNON
12%
185ROCCO
12%
163LAYTON
12%
169MARLEY
12%
126YUSUF
12%
197SHAY
11%
130JAKUB
11%
172KACPER
10%
115AYAAN
10%
142SYED
10%
189HAMZA
9%

Score Distribution

Percentile by Number Answered

Percent of People with Each Score

Your Score History

You have not taken this quiz